Frances McDormand Filmography - Statistics

General Stats
  • This quiz has been taken 72 times
    17 since last reset
  • The average score is 11 of 101
Answer Stats
Type Year Name % Correct
Film 1996 Fargo
100%
Film 2020 Nomadland
100%
Film 2017 Three Billboards Outside Ebbing, Missouri
80%
Film 2008 Burn After Reading
60%
Film 2016 Hail, Caesar!
50%
Film 2005 North Country
50%
Film 1987 Raising Arizona
50%
Film 2021 The Tragedy of Macbeth
50%
Film 2000 Almost Famous
40%
Film 1991 Barton Fink
40%
Film 1984 Blood Simple
30%
Film 2018 Isle of Dogs
30%
Film 1990 Miller's Crossing
30%
Film 2012 Moonrise Kingdom
30%
Film 2022 Women Talking
30%
Film 2005 Æon Flux
20%
Film 2012 Madagascar 3: Europe's Most Wanted
20%
Film 1988 Mississippi Burning
20%
TV Mini-Series 2014 Olive Kitteridge
20%
Film 2003 Something's Gotta Give
20%
Film 2021 The French Dispatch
20%
Film 2015 The Good Dinosaur
20%
Film 1994 The Hudsucker Proxy
20%
TV Show 2006 The Simpsons
20%
Film 2011 Transformers: Dark of the Moon
20%
Theater 1988, 1998 A Streetcar Named Desire
10%
Film 2006 Friends with Money
10%
Web Series 2019-2023 Good Omens
10%
Theater 2016 Macbeth
10%
Film 2008 Miss Pettigrew Lives for a Day
10%
Film 2012 Promised Land
10%
Film 1993 Short Cuts
10%
Film 2001 The Man Who Wasn't There
10%
Film 2024 Wolfs
10%
Film 2000 Wonder Boys
10%
Theater 1986 All My Sons
0%
Documentary Series 2001 American Experience
0%
Theater 2006-2007 An Oak Tree
0%
Theater 1984 Awake and Sing!
0%
Film 1995 Beyond Rangoon
0%
Short Film 1998 Big Bird Gets Lost
0%
Film 1994 Bleeding Hearts
0%
Theater 2013 Bodycast
0%
Film 1989 Chattahoochee
0%
Film 2002 City by the Sea
0%
TV Film 1992 Crazy in Love
0%
Film 1986 Crimewave
0%
Film 1990 Darkman
0%
Theater 1992 Dark Rapture
0%
Theater 2007 Don't Tread on Me!
0%
Theater 2014-2017 Early Shaker Spirituals
0%
Short Film 2000 Edwurd Fudwupper Fibbed Big
0%
Theater 2002-2003 Far Away
0%
TV Mini-Series 1992 Genesis Survivor Gaiarth
0%
Theater 2011 Good People
0%
TV Show 1995 Great Performances
0%
Short Documentary 2015 Habitat Earth
0%
Film 1990 Hidden Agenda
0%
TV Film 1996 Hidden in America
0%
TV Show 1985 Hill Street Blues
0%
Theater 2010 Holy Cow!
0%
TV Show 1985 Hunter
0%
Film TBA Jack of Spades
0%
Film 1998 Johnny Skidmarks
0%
Short Film 2004 Last Night
0%
Film 2002 Laurel Canyon
0%
TV Show 1987 Leg Work
0%
Film 1996 Lone Star
0%
Film 1998 Madeline
0%
Theater 2010 North Atlantic
0%
Theater 1998 Oedipus
0%
Theater 1983-1984 Painting Churches
0%
Film 1995 Palookaville
0%
Film 1997 Paradise Road
0%
Film 1992 Passed Away
0%
Short Film 1996 Plain Pleasures
0%
Theater 2006 Power of Ten
0%
TV Documentary 2005 Precinct Hollywood
0%
Film 1996 Primal Fear
0%
Documentary 2013 Rebels with a Cause
0%
TV Film 1985 Scandal Sheet
0%
Documentary 2000 Scottsboro: An American Tragedy
0%
Documentary 2002 Searching for Debra Winger
0%
Documentary 2015 She's the Best Thing in It
0%
TV Show 1986 Spenser: For Hire
0%
TV Show 2001-2002 State of Grace
0%
Film 1998 Talk of Angels
0%
TV Documentary 2009 The Botany of Desire
0%
Film 1991 The Butcher's Wife
0%
Theater 2008 The Country Girl
0%
TV Film 1995 The Good Old Boys
0%
Documentary Mini-Series 2019 The Movies
0%
Theater 1992-1993 The Sisters Rosensweig
0%
Theater 1993 The Swan
0%
TV Show 1986 The Twilight Zone
0%
Film 2011 This Must Be the Place
0%
Theater 1985 Three Sisters
0%
Theater 2002 To You, the Birdie!
0%
Theater 1982 Twelfth Night
0%
Short Film 2001 Upheaval
0%
TV Film 1986 Vengeance: The Story of Tony Cimo
0%
No matching quizzes found
Score Distribution
Percent of People with Each Score
Percentile by Number Answered
Your Score History
You have not taken this quiz since the last reset